[Event "Kvika Reykjavik Open 2022"]
[Site "Reykjavik ISL"]
[Date "2022.04.07"]
[Round "2.98"]
[White "Hafthorsson, Jon Ulfur"]
[Black "Natoli, Domenico"]
[Result "0-1"]
[WhiteElo "1186"]
[BlackElo "1608"]
[WhiteFideId "2323206"]
[BlackFideId "806277"]
[EventDate "2022.04.06"]

1. e4 c5 2. Nc3 d6 3. g3 g6 4. Bg2 Bg7 5. Nge2 Nc6 6. d3 e6 7. Be3 Nge7 8. Qd2
h5 9. d4 cxd4 10. Nxd4 a6 11. Rd1 Ne5 12. Qe2 Ng4 13. Bg5 Qb6 14. h3 Nf6 15. Nb3
O-O 16. Qd2 Rd8 17. e5 Nfd5 18. Nxd5 Nxd5 19. Bxd8 Qxd8 20. Bxd5 exd5 21. exd6
Be6 22. c3 Qxd6 23. c4 Qe5+ 24. Qe2 dxc4 25. Qxe5 Bxe5 26. Nc5 Bf5 27. g4 hxg4
28. hxg4 Bxg4 29. Rc1 b5 30. Rh4 Bf5 31. b3 c3 32. Ne4 b4 33. Ng3 Re8 34. Nxf5
Bf6+ 35. Kf1 Bg5 36. Rxb4 Bxc1 37. Rc4 gxf5 38. Rxc3 Bd2 39. Rc6 a5 40. Rd6 Bb4
41. Rd5 Re1+ 42. Kg2 Ra1 43. a4 Rc1 44. Rd3 Rc3 45. Rxc3 Bxc3 46. Kf3 Kg7 47.
Kf4 Kf6 48. Ke3 Ke5 49. f4+ Kd5 50. Kd3 Bb4 51. Ke3 Bc5+ 52. Kd3 f6 53. Kc3 Ke4
54. Kc4 Bb4 55. Kb5 Kxf4 56. Kc4 Ke3 57. Kd5 f4 58. Kc6 f3 59. Kb5 f2 60. Kc6
f1=Q 0-1

[Event "Kvika Reykjavik Open 2022"]
[Site "Reykjavik ISL"]
[Date "2022.04.07"]
[Round "2.99"]
[White "Signyjarson, Arnar Smari"]
[Black "Neilooday, Raj"]
[Result "1-0"]
[WhiteElo "1565"]
[BlackElo "1201"]
[WhiteFideId "2316340"]
[BlackFideId "33344671"]
[EventDate "2022.04.06"]

1. e4 e5 2. Nf3 Nc6 3. Bc4 Bc5 4. O-O h6 5. d3 d6 6. c3 Nf6 7. a4 a6 8. Re1 Bg4
9. Nbd2 O-O 10. Nf1 a5 11. Be3 Bxe3 12. Nxe3 Bh5 13. Nf5 Ne7 14. Ng3 Bxf3 15.
Qxf3 Ng6 16. d4 Qd7 17. Nf5 Ne7 18. Nxh6+ gxh6 19. Qxf6 Ng6 20. Qxg6+ Kh8 21.
Qxh6+ Kg8 22. Re3 Rfe8 23. Rg3+ Qg4 24. Rxg4# 1-0

[Event "Kvika Reykjavik Open 2022"]
[Site "Reykjavik ISL"]
[Date "2022.04.07"]
[Round "2.100"]
[White "Seshadri, Sridhar"]
[Black "De Wachter, Livia"]
[Result "1-0"]
[WhiteElo "1542"]
[BlackElo "1171"]
[WhiteFideId "30913942"]
[BlackFideId "255505"]
[EventDate "2022.04.06"]

1. c4 Nf6 2. Nc3 g6 3. Nf3 Bg7 4. g3 c6 5. Bg2 d5 6. cxd5 cxd5 7. d4 O-O 8. O-O
Nc6 9. Bg5 h6 10. Bf4 e6 11. Rc1 a6 12. a3 g5 13. Bd2 Qc7 14. e3 b5 15. b4 Bb7
16. Ne1 Rad8 17. Nd3 Nd7 18. f4 Qd6 19. fxg5 hxg5 20. Qh5 Ne7 21. Qxg5 Ng6 22.
Nf4 Qe7 23. Qg4 Nxf4 24. gxf4 Nf6 25. Qg5 Rde8 26. Kh1 Nh7 27. Qg3 Kh8 28. Ne2
Rg8 29. Qh3 Bf6 30. Bf3 Rg7 31. Rg1 Reg8 32. Rxg7 Rxg7 33. Be1 Qd8 34. Ng3 Bc8
35. Qh5 Bd7 36. Be2 Qe7 37. Bd3 Kg8 38. Qh6 Bg5 39. Bxh7+ Rxh7 40. Qxg5+ Qxg5
41. fxg5 1-0

[Event "Kvika Reykjavik Open 2022"]
[Site "Reykjavik ISL"]
[Date "2022.04.07"]
[Round "2.101"]
[White "Grettisson, Arnar Breki"]
[Black "Hallmundarson, Birkir"]
[Result "0-1"]
[WhiteElo "1518"]
[BlackElo "1162"]
[WhiteFideId "2322790"]
[BlackFideId "2319446"]
[EventDate "2022.04.06"]

1. e4 Nf6 2. Nc3 e5 3. Bc4 Bc5 4. Nf3 d6 5. d3 Bg4 6. h3 Bh5 7. Na4 Bb6 8. Nxb6
axb6 9. a3 Nc6 10. c3 O-O 11. Bg5 h6 12. Bh4 Na5 13. Ba2 c6 14. b4 b5 15. O-O c5
16. bxa5 Rxa5 17. Qe2 g5 18. Bg3 Qd7 19. Qe3 Kg7 20. d4 exd4 21. cxd4 c4 22. e5
Nd5 23. Qd2 Rxa3 24. Qb2 Rxf3 25. exd6 Rd3 26. Bb1 Rb3 27. Qd2 f5 28. Be5+ Kg8
29. h4 f4 30. Bc2 Rb2 31. Bh7+ Kxh7 32. Qxb2 f3 33. Bg3 gxh4 34. Bxh4 Qg4 35.
Bg3 fxg2 36. Kxg2 Nf4+ 37. Kg1 Ne2+ 38. Kh2 Nf4 39. Bxf4 Qxf4+ 0-1

[Event "Kvika Reykjavik Open 2022"]
[Site "Reykjavik ISL"]
[Date "2022.04.07"]
[Round "2.102"]
[White "Sandin, Albin"]
[Black "Sveinbjornsson, Gudmundur Orri"]
[Result "1-0"]
[WhiteElo "1513"]
[BlackElo "1144"]
[WhiteFideId "1731092"]
[BlackFideId "2318369"]
[EventDate "2022.04.06"]

1. d4 Nf6 2. Nf3 g6 3. c4 d5 4. Nc3 Bg7 5. Bg5 dxc4 6. e3 O-O 7. Bxc4 Bf5 8. O-O
Ne4 9. Qb3 Nxc3 10. bxc3 b6 11. Nd2 Re8 12. Bxf7+ Kh8 13. Bxe8 Qxe8 14. e4 Bd7
15. f3 Ba4 16. Qe6 Bf6 17. Bxf6+ exf6 18. Qxf6+ Kg8 19. e5 Nd7 20. Qh4 Nf8 21.
Ne4 Qe6 22. Qf6 Qe8 23. Rfe1 Bc2 24. Rac1 Bxe4 25. fxe4 Nd7 26. Qc6 Rc8 27. Rf1
Qe7 28. Rf2 Qg5 29. Rcf1 Qe7 30. Qd5+ Kh8 31. Rf7 Qe8 32. Rxd7 1-0

[Event "Kvika Reykjavik Open 2022"]
[Site "Reykjavik ISL"]
[Date "2022.04.07"]
[Round "3.2"]
[White "Niemann, Hans Moke"]
[Black "Beerdsen, Thomas"]
[Result "1-0"]
[WhiteTitle "GM"]
[BlackTitle "IM"]
[WhiteElo "2637"]
[BlackElo "2496"]
[WhiteFideId "2093596"]
[BlackFideId "1030108"]
[EventDate "2022.04.06"]

1. e4 c5 2. Nf3 d6 3. Bb5+ Nd7 4. O-O a6 5. Bd3 Ngf6 6. Re1 e5 7. a4 Be7 8. c3
O-O 9. Bf1 Re8 10. d4 exd4 11. cxd4 cxd4 12. Nxd4 d5 13. exd5 Nb6 14. Nc3 Nbxd5
15. Qb3 Bc5 16. Rxe8+ Qxe8 17. Nxd5 Bxd4 18. Nxf6+ Bxf6 19. Be3 Bd7 20. Qxb7 Bc6
21. Qb4 Rb8 22. Bb6 a5 23. Qxa5 Qe4 24. Rc1 Bxb2 25. Rc4 Qe6 26. Qc5 Bd5 27. Rc2
Be5 28. a5 Qf5 29. Bc7 Rc8 30. Qxd5 1-0

[Event "Kvika Reykjavik Open 2022"]
[Site "Reykjavik ISL"]
[Date "2022.04.07"]
[Round "3.3"]
[White "Steingrimsson, Hedinn"]
[Black "Adhiban, Baskaran"]
[Result "1/2-1/2"]
[WhiteTitle "GM"]
[BlackTitle "GM"]
[WhiteElo "2538"]
[BlackElo "2633"]
[WhiteFideId "2300117"]
[BlackFideId "5018471"]
[EventDate "2022.04.06"]

1. Nf3 d5 2. d4 e6 3. c4 Nf6 4. Nc3 c6 5. e3 Nbd7 6. Qc2 b6 7. cxd5 exd5 8. Bd3
Bb7 9. O-O Be7 10. e4 dxe4 11. Nxe4 O-O 12. Ne5 c5 13. Ng5 g6 14. Bc4 Nd5 15.
Ngxf7 Rxf7 16. Nxf7 Kxf7 17. Qb3 Nf6 18. dxc5 Bxc5 19. Bg5 Qd7 20. Rad1 Rd8 21.
Qf3 Qf5 22. Qxf5 gxf5 23. Rd3 Kg6 24. Bxf6 Kxf6 25. Rfd1 Ke5 26. Re1+ Kf6 27.
Red1 Ke5 28. Re1+ 1/2-1/2

[Event "Kvika Reykjavik Open 2022"]
[Site "Reykjavik ISL"]
[Date "2022.04.07"]
[Round "3.4"]
[White "Gupta, Abhijeet"]
[Black "Jarmula, Lukasz"]
[Result "0-1"]
[WhiteTitle "GM"]
[BlackTitle "GM"]
[WhiteElo "2616"]
[BlackElo "2434"]
[WhiteFideId "5010608"]
[BlackFideId "1160664"]
[EventDate "2022.04.06"]

1. d4 d5 2. c4 dxc4 3. Nf3 Nf6 4. e3 e6 5. Bxc4 c5 6. O-O Nc6 7. Nc3 a6 8. a3 b5
9. Ba2 Bb7 10. Qe2 Qc7 11. dxc5 Bxc5 12. b4 Bd6 13. Bb2 Rd8 14. Rac1 Qb8 15. Bb1
Ne5 16. Nxe5 Bxe5 17. f4 Bc7 18. Kh1 h5 19. Rfd1 Rxd1+ 20. Nxd1 h4 21. Bxf6 gxf6
22. Nf2 h3 23. Be4 hxg2+ 24. Kxg2 f5 25. Qc2 Bxe4+ 26. Nxe4 Qa8 27. Kg1 Qxe4 28.
Qxe4 fxe4 29. Rxc7 Rh3 30. Rc3 Kf8 31. Kg2 Rf3 32. Kg1 Kg7 33. Kg2 Kg6 34. Kg1
Kf5 35. Kg2 e5 36. fxe5 Kxe5 37. Rc5+ Kf6 38. Rc6+ Kg5 39. Rxa6 f5 40. Rb6 Rxe3
41. Rxb5 Rxa3 42. Rb8 Ra2+ 43. Kh3 Kf4 44. b5 Kf3 45. b6 Rb2 46. Kh4 f4 0-1

[Event "Kvika Reykjavik Open 2022"]
[Site "Reykjavik ISL"]
[Date "2022.04.07"]
[Round "3.5"]
[White "Maze, Sebastien"]
[Black "Warmerdam, Max"]
[Result "1/2-1/2"]
[WhiteTitle "GM"]
[BlackTitle "GM"]
[WhiteElo "2524"]
[BlackElo "2599"]
[WhiteFideId "613762"]
[BlackFideId "1048104"]
[EventDate "2022.04.06"]

1. e4 c5 2. Nf3 e6 3. d4 cxd4 4. Nxd4 Nc6 5. Nc3 Qc7 6. f4 a6 7. Nxc6 bxc6 8.
Bd3 d5 9. O-O Nf6 10. Qe2 Be7 11. Bd2 O-O 12. Rae1 g6 13. b3 dxe4 1/2-1/2

[Event "Kvika Reykjavik Open 2022"]
[Site "Reykjavik ISL"]
[Date "2022.04.07"]
[Round "3.6"]
[White "Larkin, Vladyslav"]
[Black "Fier, Alexandr"]
[Result "1/2-1/2"]
[WhiteTitle "IM"]
[BlackTitle "GM"]
[WhiteElo "2424"]
[BlackElo "2573"]
[WhiteFideId "14152894"]
[BlackFideId "2107139"]
[EventDate "2022.04.06"]

1. e4 c5 2. Nf3 Nc6 3. Bb5 g6 4. Bxc6 bxc6 5. O-O Bg7 6. Re1 Nf6 7. c3 O-O 8. h3
d6 9. d4 cxd4 10. cxd4 Rb8 11. Nc3 Nd7 12. b3 c5 13. Be3 Bb7 14. Rc1 Qa5 15. Qd2
Rfc8 16. dxc5 Nxc5 17. Bd4 Bf8 18. Rc2 e5 19. Bxc5 Rxc5 20. b4 Qxb4 21. Rb1 Qc4
22. Rb3 Rcc8 23. Rcb2 Qc7 24. Qd3 Bc6 25. Qa6 Rxb3 26. Rxb3 Bh6 27. g3 Qd7 28.
Kg2 f5 29. Nd5 Kg7 30. Ne7 Rc7 31. Nxc6 Rxc6 32. Qd3 Rc7 33. exf5 Qc6 34. fxg6
hxg6 35. Rb4 Rf7 36. Rg4 Rf6 37. h4 Qc8 38. Rc4 Qb7 39. Ra4 Qb6 40. Qa3 a5 41.
Qb3 Qa7 42. Qd5 Qb6 43. Rc4 Qb2 44. Rc8 Rf7 45. Qxd6 Be3 46. Kh3 Rxf3 47. Rc7+
Rf7 48. Rxf7+ Kxf7 49. Qd5+ Kf6 50. fxe3 Qf2 51. Qc6+ Kg7 52. Qc7+ Kh6 53. Qxe5
Qf1+ 54. Kg4 Qd1+ 55. Kf4 Qf1+ 56. Ke4 Qb1+ 57. Kd4 Qb2+ 58. Ke4 Qb1+ 59. Kd4
Qb2+ 60. Ke4 1/2-1/2

[Event "Kvika Reykjavik Open 2022"]
[Site "Reykjavik ISL"]
[Date "2022.04.07"]
[Round "3.7"]
[White "Idani, Pouya"]
[Black "Tania, Sachdev"]
[Result "1-0"]
[WhiteTitle "GM"]
[BlackTitle "IM"]
[WhiteElo "2638"]
[BlackElo "2392"]
[WhiteFideId "12510130"]
[BlackFideId "5007844"]
[EventDate "2022.04.06"]

1. e4 e5 2. Nf3 Nc6 3. Bb5 a6 4. Ba4 Nf6 5. O-O Be7 6. Re1 b5 7. Bb3 O-O 8. a4
b4 9. d4 d6 10. dxe5 dxe5 11. Qe2 h6 12. Be3 Bd6 13. Nbd2 Na5 14. Ba2 Ng4 15.
Nf1 Rb8 16. N3d2 Nxe3 17. Nxe3 Bc5 18. Nf3 Bxe3 19. Qxe3 Qe7 20. Rad1 Bg4 21. h3
Bxf3 22. Qxf3 Qe8 23. Bb3 Nc6 24. Qd3 Qc8 25. Bc4 Rb6 26. Qd7 Qb8 27. Qd5 Nd4
28. Qxe5 Nxc2 29. Re2 b3 30. Red2 Rf6 31. Qe7 Rd6 32. Rxd6 cxd6 33. Rxd6 Kh7 34.
e5 Nb4 35. Bxf7 Rc8 36. Rxh6+ 1-0

[Event "Kvika Reykjavik Open 2022"]
[Site "Reykjavik ISL"]
[Date "2022.04.07"]
[Round "3.8"]
[White "Sadhwani, Raunak"]
[Black "Grieve, Harry"]
[Result "1-0"]
[WhiteTitle "GM"]
[BlackTitle "FM"]
[WhiteElo "2628"]
[BlackElo "2387"]
[WhiteFideId "35093487"]
[BlackFideId "426520"]
[EventDate "2022.04.06"]

1. d4 d5 2. Nf3 e6 3. c4 c6 4. e3 Bd6 5. Be2 f5 6. O-O Nf6 7. b3 Qe7 8. a4 a5 9.
Ba3 O-O 10. Bxd6 Qxd6 11. Nbd2 Nbd7 12. Qc2 Ne4 13. Rfc1 Kh8 14. Ne1 g5 15. f3
Nxd2 16. Qxd2 f4 17. Nd3 Rf6 18. Bf1 Nf8 19. Re1 Ng6 20. Qc3 fxe3 21. Rxe3 Bd7
22. Rae1 Qc7 23. Nc5 Raf8 24. g3 h5 25. Bh3 b6 26. Nxd7 Qxd7 27. Rxe6 g4 28.
Rxf6 Rxf6 29. fxg4 hxg4 30. Bg2 dxc4 31. bxc4 Kh7 32. d5 Qg7 33. Qc2 cxd5 34.
Bxd5 Qf8 35. Qe2 Qb4 36. Rd1 Qxa4 37. Qxg4 Kh6 38. Qd4 Qc2 39. h4 Ne5 40. Re1
Ng4 41. Bg2 Qf2+ 42. Qxf2 Nxf2 43. Re7 Kh5 44. Rg7 Nd1 45. Be4 Nc3 46. Bd3 Rd6
47. Bf5 a4 48. Rh7+ Rh6 49. g4+ Kxh4 50. Rxh6+ Kg3 51. Rxb6 1-0

[Event "Kvika Reykjavik Open 2022"]
[Site "Reykjavik ISL"]
[Date "2022.04.07"]
[Round "3.9"]
[White "Kolbus, Dietmar"]
[Black "Praggnanandhaa, R"]
[Result "0-1"]
[WhiteTitle "IM"]
[BlackTitle "GM"]
[WhiteElo "2312"]
[BlackElo "2624"]
[WhiteFideId "4610628"]
[BlackFideId "25059530"]
[EventDate "2022.04.06"]

1. d4 Nf6 2. Nf3 e6 3. g3 b5 4. Bg2 Bb7 5. O-O Be7 6. Bg5 d5 7. Bxf6 Bxf6 8. c3
Nd7 9. Nbd2 c5 10. dxc5 Nxc5 11. Nb3 Na4 12. Qd2 O-O 13. Nfd4 Qb6 14. e3 Rfd8
15. f4 Be7 16. a3 a6 17. Rfe1 Rac8 18. Qf2 Qc7 19. Re2 Nb6 20. Nc1 Nc4 21. Nd3
Nd6 22. Qe1 a5 23. Qd1 Ba6 24. Bf1 Qb6 25. Rc2 Re8 26. Kh1 Bf8 27. Rac1 Rcd8 28.
Bg2 g6 29. Ra1 Bg7 30. Qe2 b4 31. axb4 axb4 32. Qd1 Bxd3 33. Qxd3 Ra8 34. Rcc1
bxc3 35. bxc3 Rxa1 36. Rxa1 Rb8 37. Bf3 Qb2 38. Rd1 Bxd4 39. cxd4 Rb3 40. Qd2
Qa3 41. Qf2 Rxe3 42. Kg2 Rb3 43. Rd2 Nc4 44. Re2 Qc1 45. Kh3 Qc3 46. Bg2 Qd3 47.
Bf1 Ne3 0-1

[Event "Kvika Reykjavik Open 2022"]
[Site "Reykjavik ISL"]
[Date "2022.04.07"]
[Round "3.10"]
[White "Andersen, Mads"]
[Black "Song, Julien"]
[Result "1-0"]
[WhiteTitle "GM"]
[BlackTitle "IM"]
[WhiteElo "2582"]
[BlackElo "2373"]
[WhiteFideId "1413864"]
[BlackFideId "659487"]
[EventDate "2022.04.06"]

1. Nf3 Nf6 2. g3 d5 3. Bg2 e6 4. O-O Be7 5. c4 O-O 6. d4 dxc4 7. Ne5 Nc6 8. Nxc6
bxc6 9. Na3 Bxa3 10. bxa3 Ba6 11. Bxc6 Rb8 12. Re1 Qd6 13. Qa4 Rb6 14. Bf3 Nd5
15. Qc2 Rbb8 16. e4 Nb6 17. Rd1 Bb5 18. Qc3 Na4 19. Qc2 c3 20. Rb1 Bc6 21. Rb3
Qd7 22. d5 exd5 23. exd5 Bb5 24. Rb4 Rfe8 25. Kg2 Nb6 26. Rh4 h6 27. Qxc3 Be2
28. Bxe2 Rxe2 29. Bxh6 f6 30. Bxg7 Qxg7 31. Qf3 Re5 32. Rdd4 Rd8 33. Rhg4 Rg5
34. h4 Rxg4 35. Rxg4 Nxd5 36. Rxg7+ Kxg7 37. Qf5 Ne7 38. Qc5 1-0

[Event "Kvika Reykjavik Open 2022"]
[Site "Reykjavik ISL"]
[Date "2022.04.07"]
[Round "3.11"]
[White "Gretarsson, Hjorvar Steinn"]
[Black "Dishman, Stephen"]
[Result "1-0"]
[WhiteTitle "GM"]
[WhiteElo "2542"]
[BlackElo "2339"]
[WhiteFideId "2302241"]
[BlackFideId "403024"]
[EventDate "2022.04.06"]

1. e4 c6 2. Nf3 d5 3. d3 dxe4 4. dxe4 Qxd1+ 5. Kxd1 Nf6 6. Nc3 Nbd7 7. a4 e5 8.
Nd2 Bc5 9. f3 O-O 10. Nc4 Re8 11. a5 h6 12. Bd2 Nh7 13. Na4 Bf8 14. Be3 Ng5 15.
c3 Ne6 16. b4 Nc7 17. Kc2 Nb5 18. Be2 Nd6 19. Rhd1 Nxc4 20. Bxc4 Nf6 21. Rd2 Be6
22. Nb2 Bc8 23. Rad1 Be7 24. Bb3 a6 25. Na4 Be6 26. Bxe6 fxe6 27. Nb6 Rad8 28.
Nc4 Rxd2+ 29. Rxd2 Rd8 30. Rxd8+ Bxd8 31. Nd6 Be7 32. Nxb7 Nd7 33. Kb3 Kf7 34.
Kc4 h5 35. Bc5 Bg5 36. Nd6+ Kg6 37. Nc8 1-0

[Event "Kvika Reykjavik Open 2022"]
[Site "Reykjavik ISL"]
[Date "2022.04.07"]
[Round "3.12"]
[White "Yoo, Christopher Woojin"]
[Black "Brunello, Marina"]
[Result "1-0"]
[WhiteTitle "IM"]
[BlackTitle "IM"]
[WhiteElo "2532"]
[BlackElo "2337"]
[WhiteFideId "30909694"]
[BlackFideId "822590"]
[EventDate "2022.04.06"]

1. e4 c5 2. Nf3 d6 3. d4 cxd4 4. Nxd4 Nf6 5. Nc3 a6 6. a3 e5 7. Nf5 d5 8. Bg5 d4
9. Bxf6 gxf6 10. Nb1 Qb6 11. Nd2 Bxf5 12. exf5 h5 13. Be2 h4 14. O-O Nc6 15. Bf3
Bh6 16. Ne4 Ne7 17. c4 Rc8 18. c5 Rxc5 19. Nxc5 Qxc5 20. Bxb7 Nxf5 21. Qf3 Bf4
22. Bxa6 Kf8 23. Bd3 Ne7 24. a4 f5 25. a5 Qd6 26. a6 e4 27. Bxe4 fxe4 28. Qxe4
Bxh2+ 29. Kh1 Ng6 30. a7 Kg7 31. a8=Q Rxa8 32. Rxa8 d3 33. Ra3 d2 34. Rd3 Qa6
35. Kxh2 1-0

[Event "Kvika Reykjavik Open 2022"]
[Site "Reykjavik ISL"]
[Date "2022.04.07"]
[Round "3.13"]
[White "Peng, Li Min"]
[Black "Cummings, David H."]
[Result "1-0"]
[WhiteTitle "IM"]
[BlackTitle "IM"]
[WhiteElo "2517"]
[BlackElo "2321"]
[WhiteFideId "14112620"]
[BlackFideId "2603578"]
[EventDate "2022.04.06"]

1. d4 Nf6 2. c4 e6 3. Nc3 Bb4 4. Qc2 O-O 5. e4 d5 6. e5 Ne4 7. Bd3 c5 8. Nf3
cxd4 9. Nxd4 Nd7 10. Bf4 Qh4 11. g3 Qh5 12. O-O g5 13. cxd5 Bxc3 14. bxc3 exd5
15. Be3 Nxe5 16. f3 Nc5 17. Be2 Qg6 18. Qxg6+ hxg6 19. Bxg5 Ne6 20. Nxe6 Bxe6
21. Bf6 Nd7 22. Bd4 f6 23. Rfe1 Kf7 24. h4 Ne5 25. Kf2 Nc6 26. Be3 Rfd8 27. Red1
Rac8 28. g4 b6 29. Rac1 Rh8 30. Rh1 Ne5 31. g5 Bf5 32. gxf6 Nd3+ 33. Bxd3 Bxd3
34. Rhd1 Bf5 35. Kg3 Rhe8 36. Bd4 Re2 37. Re1 Rxe1 38. Rxe1 Be6 39. a4 Rc7 40.
Kf4 Rc6 41. Ke5 Bg4 42. Kf4 Be6 43. Rg1 a6 44. Ke5 Bd7 45. Kxd5 Re6 46. f4 Bc6+
47. Kc4 Be4 48. Be5 Bc2 49. h5 Re8 50. Kd5 Rd8+ 51. Kc6 Bxa4+ 52. Kxb6 Bc2 53.
hxg6+ Bxg6 54. c4 Rc8 55. f5 Bxf5 56. Rg7+ Ke8 57. Bd6 1-0

[Event "Kvika Reykjavik Open 2022"]
[Site "Reykjavik ISL"]
[Date "2022.04.07"]
[Round "3.14"]
[White "Stefansson, Vignir Vatnar"]
[Black "Zysko, Jan"]
[Result "1-0"]
[WhiteTitle "IM"]
[WhiteElo "2501"]
[BlackElo "2110"]
[WhiteFideId "2308649"]
[BlackFideId "1141589"]
[EventDate "2022.04.06"]

1. c4 c6 2. d4 d5 3. Nc3 Nf6 4. e3 e6 5. Rb1 Nbd7 6. Qc2 dxc4 7. Bxc4 Bd6 8.
Nge2 O-O 9. f4 c5 10. O-O a6 11. a4 Qc7 12. b3 cxd4 13. Nxd4 Nb6 14. Bd3 e5 15.
Nde2 h6 16. h3 Bd7 17. Bb2 Rfe8 18. Rbd1 Bc6 19. Ng3 exf4 20. Nf5 Bc5 21. Ne2
Nbd7 22. Nxf4 Qb6 23. Bd4 Bxd4 24. exd4 Rac8 25. Nd6 Qxd4+ 26. Qf2 Qb4 27. Nxc8
Rxc8 28. Qg3 Ne5 29. Bf5 Re8 30. Kh2 Qc5 31. Bb1 Ne4 32. Bxe4 Bxe4 33. Rde1 f5
34. Nh5 Qe7 35. Rxe4 fxe4 36. Nf6+ Kh8 37. Nxe8 Qxe8 38. Qf4 Nd7 39. Qf7 Qe5+
40. Kh1 Nc5 41. Rf5 Qa1+ 42. Kh2 b6 43. Qe8+ Kh7 44. Rf8 1-0

[Event "Kvika Reykjavik Open 2022"]
[Site "Reykjavik ISL"]
[Date "2022.04.07"]
[Round "3.15"]
[White "Laurent-Paoli, Pierre"]
[Black "Sowray, Peter J"]
[Result "1-0"]
[WhiteTitle "IM"]
[BlackTitle "FM"]
[WhiteElo "2487"]
[BlackElo "2243"]
[WhiteFideId "26017962"]
[BlackFideId "400971"]
[EventDate "2022.04.06"]

1. d4 d5 2. c4 e6 3. Nf3 Nf6 4. g3 Bb4+ 5. Bd2 Be7 6. Bg2 O-O 7. O-O c6 8. Qc2
b6 9. Rd1 Nbd7 10. b3 Bb7 11. Nc3 Rc8 12. e4 c5 13. exd5 exd5 14. Bf4 Re8 15.
dxc5 dxc4 16. b4 bxc5 17. b5 Qa5 18. a4 Nf8 19. Ne5 Bxg2 20. Nxc4 Qb4 21. Na2
Be4 22. Nxb4 Bxc2 23. Nxc2 Ne6 24. N2e3 Nxf4 25. gxf4 Rb8 26. Kg2 Red8 27. Ne5
Rxd1 28. Rxd1 g6 29. Kf3 Kf8 30. Rd7 Ra8 31. Rb7 c4 32. N3xc4 Nd5 33. Nc6 a6 34.
b6 Bc5 35. a5 Rc8 36. N4e5 Ke8 37. Na7 1-0

[Event "Kvika Reykjavik Open 2022"]
[Site "Reykjavik ISL"]
[Date "2022.04.07"]
[Round "3.16"]
[White "Minko, Dmitry"]
[Black "Hjartarson, Johann"]
[Result "0-1"]
[WhiteTitle "CM"]
[BlackTitle "GM"]
[WhiteElo "2298"]
[BlackElo "2465"]
[WhiteFideId "24188468"]
[BlackFideId "2300044"]
[EventDate "2022.04.06"]

1. e4 Nf6 2. e5 Nd5 3. c4 Nb6 4. d4 d6 5. exd6 cxd6 6. Nc3 g6 7. Be3 Bg7 8. b3
O-O 9. Rc1 Bf5 10. Nf3 d5 11. c5 Nc8 12. Be2 Nc6 13. O-O Bg4 14. b4 a6 15. a3
Bxf3 16. Bxf3 e6 17. b5 axb5 18. Nxb5 N8e7 19. Qd3 Nf5 20. Bg4 Qf6 21. Bxf5 gxf5
22. g3 h5 23. Rfd1 h4 24. Rb1 Ra4 25. Qb3 Rc4 26. Rbc1 Rxc1 27. Rxc1 Qg6 28. Qd1
Ra8 29. Rb1 Bf6 30. Nd6 hxg3 31. hxg3 Rxa3 32. Rxb7 f4 33. Bxf4 Bxd4 34. Nxf7
Ra1 35. Nh6+ Kf8 36. Bc1 Qxg3+ 37. Kh1 Qh3+ 38. Kg1 Qg3+ 39. Kh1 Qh4+ 40. Kg2
Qxf2+ 41. Kh3 Rxc1 42. Qxc1 Qf3+ 43. Kh2 Be5+ 44. Kg1 Qg3+ 45. Kf1 Qh3+ 46. Kf2
Qh2+ 0-1

[Event "Kvika Reykjavik Open 2022"]
[Site "Reykjavik ISL"]
[Date "2022.04.07"]
[Round "3.17"]
[White "Doluhanova, Evgeniya"]
[Black "Williams, Simon K"]
[Result "0-1"]
[WhiteTitle "WGM"]
[BlackTitle "GM"]
[WhiteElo "2280"]
[BlackElo "2464"]
[WhiteFideId "14112035"]
[BlackFideId "404454"]
[EventDate "2022.04.06"]

1. e4 c5 2. Nf3 d6 3. Bb5+ Nc6 4. O-O Bd7 5. Re1 a6 6. Bf1 e5 7. c3 g5 8. d4 g4
9. d5 Nce7 10. Nh4 Bg7 11. f4 Bf6 12. Nf5 Nxf5 13. exf5 Bxf5 14. Nd2 Ne7 15. Nc4
e4 16. Ne3 Qd7 17. Nxf5 Qxf5 18. Qa4+ Kf8 19. Qxe4 Qxe4 20. Rxe4 Nxd5 21. Bd2
Kg7 22. Rae1 h5 23. Bd3 b5 24. c4 bxc4 25. Bxc4 Nb6 26. Bf1 d5 27. R4e2 c4 28.
Ba5 Rab8 29. Rd2 Rhc8 30. Rc1 Rc5 31. b4 Rc6 32. a3 c3 33. Rdd1 Nc4 34. Bxc4
Rxc4 35. Rc2 Re8 36. Bb6 Rxf4 37. g3 Rf5 38. Bf2 Re4 39. Rd3 Kg6 40. Kg2 Rc4 41.
Bc5 d4 0-1

[Event "Kvika Reykjavik Open 2022"]
[Site "Reykjavik ISL"]
[Date "2022.04.07"]
[Round "3.18"]
[White "Clarke, Brandon G I"]
[Black "George Samir, David"]
[Result "1-0"]
[WhiteTitle "IM"]
[BlackTitle "CM"]
[WhiteElo "2436"]
[BlackElo "2003"]
[WhiteFideId "400319"]
[BlackFideId "10657789"]
[EventDate "2022.04.06"]

1. e4 e5 2. Nf3 Nc6 3. Bc4 Nf6 4. d3 h6 5. c3 d6 6. a4 g5 7. Qb3 Qe7 8. a5 a6 9.
h3 Bg7 10. Be3 O-O 11. Nbd2 Rd8 12. g4 Rb8 13. Nf1 Be6 14. Bd5 Bxd5 15. exd5 e4
16. N3d2 Ne5 17. dxe4 Nxe4 18. Nxe4 Nd3+ 19. Kd2 Qxe4 20. Ng3 Qh7 21. Nf5 Ne5
22. Ra4 h5 23. Qd1 f6 24. f4 Nf7 25. Qf3 Re8 26. Re4 Bf8 27. Re6 Rxe6 28. dxe6
Nd8 29. Qe4 Be7 30. fxg5 fxg5 31. Rf1 Nc6 32. Nxe7+ 1-0

[Event "Kvika Reykjavik Open 2022"]
[Site "Reykjavik ISL"]
[Date "2022.04.07"]
[Round "3.19"]
[White "Thorfinnsson, Bragi"]
[Black "Bosboom, Ardin"]
[Result "1-0"]
[WhiteTitle "GM"]
[WhiteElo "2419"]
[BlackElo "2078"]
[WhiteFideId "2300958"]
[BlackFideId "1046454"]
[EventDate "2022.04.06"]

1. e4 c5 2. Nf3 Nc6 3. Bb5 e6 4. O-O Nge7 5. b3 Ng6 6. Bb2 f6 7. Bxc6 bxc6 8. d4
cxd4 9. Qxd4 c5 10. Qe3 Be7 11. h4 O-O 12. h5 Nh8 13. c4 Bb7 14. Nc3 Qe8 15.
Rad1 Bc6 16. h6 g5 17. Rfe1 g4 18. Nh2 Qh5 19. Qg3 f5 20. exf5 Bh4 21. Qxg4+
Qxg4 22. Nxg4 Rxf5 23. Re2 Ng6 24. f3 Nf4 25. Red2 Kf7 26. Ne4 Be7 27. Ne5+ Ke8
28. Nxc6 dxc6 29. Nd6+ Bxd6 30. Rxd6 Kf7 31. Rxc6 Kg6 32. Rd7 Kxh6 33. Bc1 Kg6
34. Bxf4 Rxf4 35. Rxe6+ Kf5 36. Rc6 1-0